| 000 | 00536nam a2200169 i 4500 | ||
|---|---|---|---|
| 001 | 73646 | ||
| 003 | ES-MaACL | ||
| 005 | 20231207063015.0 | ||
| 007 | t| | ||
| 008 | 040909s1967 sp ||||1| spa d | ||
| 100 | 1 |
_aGómez de la Serna, Gaspar, _d1918-1974 _957897 |
|
| 245 | 1 | 0 |
_aGracias y desgracias del Teatro Real / _cGaspar Gómez de la Serna. |
| 260 |
_aMadrid : _bDirección General de Bellas Artes, _c1967. |
||
| 300 |
_a74 p., 14 lám. ; _c22 cm. |
||
| 852 |
_aES-MaACL _jC-33165 _bR.63398 |
||
| 999 |
_c73646 _d73646 |
||